00221nam a2200097Ia 4500008004100000082001500041100001400056245002000070260001800090600001500108241002s9999 xx 000 0 und d a808.83 WEL aWells H.G 0aTales of Wonder aLondon:c1953 aLiterature